Online
Catalog

Lenin «voy a pensar inevitablemente en la política» / (Record no. 49443)

MARC details
000 -CABECERA
campo de control de longitud fija 00815nam a22002537a 4500
003 - IDENTIFICADOR DEL NÚMERO DE CONTROL
campo de control DO-SdBNP
005 - FECHA Y HORA DE LA ÚLTIMA TRANSACCIÓN
campo de control 20211011114330.0
007 - CAMPO FIJO DE DESCRIPCIÓN FÍSICA--INFORMACIÓN GENERAL
campo de control de longitud fija ta
008 - DATOS DE LONGITUD FIJA--INFORMACIÓN GENERAL
campo de control de longitud fija 210224b 2020 dr ac 00| 0 eng d
020 ## - NÚMERO INTERNACIONAL ESTÁNDAR DEL LIBRO
Número Internacional Estándar del Libro 9798578604850
040 ## - FUENTE DE LA CATALOGACIÓN
Centro catalogador/agencia de origen DO-SdBNP
Lengua de catalogación spa
Centro/agencia transcriptor BNPHU
082 #4 - NÚMERO DE LA CLASIFICACIÓN DECIMAL DEWEY
Número de clasificación BNPHU
100 1# - ENTRADA PRINCIPAL--NOMBRE DE PERSONA
Nombre de persona Ramírez, Joaquín Alberto
9 (RLIN) 77913
245 10 - MENCIÓN DE TÍTULO
Título Lenin «voy a pensar inevitablemente en la política» /
Mención de responsabilidad, etc. Joaquín Alberto Ramírez ; prólogo Luis Simó.
260 ## - PUBLICACIÓN, DISTRIBUCIÓN, ETC.
Lugar de publicación, distribución, etc. Santo Domingo :
Nombre del editor, distribuidor, etc. [s. n.],
Fecha de publicación, distribución, etc. 2020.
300 ## - DESCRIPCIÓN FÍSICA
Extensión v, 291 p. :
Otras características físicas il., retrs. ;
Dimensiones 28 cm.
490 1# - MENCIÓN DE SERIE
Mención de serie Fortalecimiento institucional
504 ## - NOTA DE BIBLIOGRAFÍA, ETC.
Nota de bibliografía, etc. Bibliografía : p. 285-286
590 ## - NOTA LOCAL (RLIN)
Nota local Inventariado, 2021 /LP<br/><br/>
700 1# - PUNTO DE ACCESO ADICIONAL--NOMBRE DE PERSONA
Nombre de persona Simó, Luis,
Término indicativo de función/relación pról.
9 (RLIN) 34356
830 #0 - PUNTO DE ACCESO ADICIONAL DE SERIE-TÍTULO UNIFORME
Título uniforme Fortalecimiento institucional
9 (RLIN) 77914
910 ## - DATOS DE OPCIÓN DEL USUARIO (OCLC)
Datos de opción del usuario Lopérez
942 ## - ELEMENTOS DE PUNTO DE ACCESO ADICIONAL (KOHA)
Fuente del sistema de clasificación o colocación Dewey Decimal Classification
Tipo de ítem Koha Libro
Holdings
Estado de retiro Estado de pérdida Fuente del sistema de clasificación o colocación No para préstamo Código de colección Localización permanente Ubicación/localización actual Ubicación en estantería Fecha de adquisición Fuente de adquisición Total de préstamos Signatura topográfica completa Código de barras Fecha visto por última vez Precio válido a partir de Tipo de ítem Koha Número de copia
    Dewey Decimal Classification Préstamo en sala Dominicana de Servicio Biblioteca Nacional Pedro Henríquez Ureña Dominicana Depósito 24.02.2021 Depósito Legal   BNPHU DS 2021-0428 24.02.2021 24.02.2021 Libro y Folleto Colección Dominicana de Servicio e. 3
    Dewey Decimal Classification Excluido de préstamo Patrimonio Dominicano Biblioteca Nacional Pedro Henríquez Ureña Patrimonio Dominicano Depósito 24.02.2021 Depósito Legal   BNPHU PD 2021-0426 24.02.2021 24.02.2021 Libro y Folleto Colección Patrimonio Dominicano  
    Dewey Decimal Classification Préstamo restrigido Patrimonio Dominicano Biblioteca Nacional Pedro Henríquez Ureña Patrimonio Dominicano Depósito 24.02.2021 Depósito Legal   BNPHU PD 2021-0427 24.02.2021 24.02.2021 Libro y Folleto Colección Patrimonio Dominicano e. 2

Powered by Koha